| 000 | 00854cab a2200193 4500 | ||
|---|---|---|---|
| 001 | ABS42349 | ||
| 008 | 090401t1990 xxu||||| |||| 00| 0 eng d | ||
| 035 | _a(Sirsi) u36313 | ||
| 041 | _aeng | ||
| 100 | _aLuba, J. | ||
| 245 | _aRecent developments in housing law | ||
| 260 | _c1990 | ||
| 350 | _a0 | ||
| 490 |
_aLegal Action _vMarch 1990, 11-16(6) |
||
| 520 | _aReviews recent changes in housing legislation and case law including Local Government and Housing Act 1989 ; Local Government Finance Act 1988 covering rent , community charge and rateable values ; security of tenure ; rent arrears ; possession proceedings; racial harassment ; temporary accommodation ; defining homelessness ; repairs ; resident landlords ; rent registration ; mortgage repossession and quiet enjoyment . | ||
| 690 | _aHOUSING | ||
| 942 | _n0 | ||
| 948 | _c04/03/1997 | ||
| 999 |
_c23627 _d23627 |
||